MDQL
is popping MORE tags! Check the
thread
!
Quizzes
Events
Quiz Creation
Community
Videos
Private Events
Remove Ads
Sign In
Join for FREE
Feedback
Dark Mode
Quiz Categories
Sports
Geography
Music
Movies
Television
Just For Fun
Miscellaneous
History
Literature
Language
Science
Gaming
Entertainment
Religion
Holiday
For Kids
Quiz Lab
Recent
Popular Today
Quiz Kudos Today
Editor Picks
Curator Picks
Quizzes by...
Day
Popularity
Type
Ratings
Length
Year
Community
Subscriptions
Recent Discussions
Orange Saloon
Badges
Playlists
Quests
Create
Leaderboards
Showdown
Live 5
Trivia Bingo
Activity
Puzzle Library
Sporcle Events
Private Events
Virtual Trivia
Globe League
Become a Host
Pub Owners
SporcleCon
Opinionation
Our Games
Videos
Blog
Mobile Apps
Partnerships
Remove Ads and Go Orange
Feedback
Gaming
Video Games
Board Games
Card Games
Pokémon
Mario
Nintendo
Minecraft
Console
Toys
Legend of Zelda
Gaming
Video Games
Board Games
Card Games
Pokémon
Mario
Nintendo
Minecraft
Console
Toys
Legend of Zelda
Random Quiz
Search Sporcle
×
Quiz Lab
Quiz Lab
Gaming
Board Games
Type in answers that appear in a list
Type in answers that appear in a list
Classic
Best Score? Go Orange.
Battle Arena Toshinden Characters Stats
Can you name the Battle Arena Toshinden Characters?
By
starjumper
12m
50 Questions
68 Plays
68 Plays
68 Plays
Comments
Comments
Give Quiz Kudos
Give Quiz Kudos
-
- Ratings
hide this ad
Replay
Link that replays current quiz
Next Quiz
Link to next quiz in quiz playlist
You Got
0%
They Got
Avg Score
52%
Avg Friend Score
Upgrade to see
Score Distribution
Jump to the score distribution portion of the page
Score
0/50
Timer
12:00
0
Plays Today
Game
% Correct
Battle Arena Toshinden
Eiji Shinjo
88.2%
Battle Arena Toshinden
Ellis
88.2%
Battle Arena Toshinden
Duke B. Rampert
83.8%
Battle Arena Toshinden
Sho Shinjo
80.9%
Battle Arena Toshinden
Gaia
79.4%
Battle Arena Toshinden
Sofia
77.9%
Battle Arena Toshinden
Kayin Amoh
76.5%
Battle Arena Toshinden
Mondo
76.5%
Battle Arena Toshinden
Rungo Iron
75%
Battle Arena Toshinden 2
Tracy
75%
Battle Arena Toshinden 2
Chaos
72.1%
Battle Arena Toshinden 2
Vermilion
70.6%
Battle Arena Toshinden 2
Master
60.3%
Battle Arena Toshinden 2
Uranus
60.3%
Battle Arena Toshinden
Fo Fai
57.4%
Battle Arena Toshinden 3
Abel
57.4%
Battle Arena Toshinden 3
Naru Amoh
55.9%
Battle Arena Toshinden 3
Ten Count
55.9%
Battle Arena Toshinden 3
Zola
54.4%
Battle Arena Toshinden 3
Adam
50%
Battle Arena Toshinden 3
Miss Til
48.5%
Battle Arena Toshinden 3
Rachael
48.5%
Battle Arena Toshinden 3
Schultz
48.5%
Battle Arena Toshinden 3
David
47.1%
Battle Arena Toshinden 3
Balga
45.6%
Game
% Correct
Battle Arena Toshinden 3
Cuiling
45.6%
Battle Arena Toshinden 3
Judgement
45.6%
Battle Arena Toshinden 3
Veil
45.6%
Battle Arena Toshinden 3
Nagisa Iwashiro
44.1%
Battle Arena Toshinden 3
Tau
44.1%
Battle Arena Toshinden 4
Zero
44.1%
Battle Arena Toshinden 3
Leon
42.6%
Battle Arena Toshinden 3
Atahua
42.6%
Battle Arena Toshinden 3
Shizuku Fuji
42.6%
Battle Arena Toshinden 4
Subaru Shinjo
42.6%
Battle Arena Toshinden 3
Bayhou
41.2%
Battle Arena Toshinden 4
Eos
41.2%
Battle Arena Toshinden
Cupido
39.7%
Battle Arena Toshinden 2
Replicant
38.2%
Battle Arena Toshinden 3
Toujin
38.2%
Battle Arena Toshinden 4
Bang-Boo
38.2%
Battle Arena Toshinden 2
Ronron
36.8%
Battle Arena Toshinden 4
Fen Barefoot
36.8%
Battle Arena Toshinden 4
Lancelot Lakeknight
36.8%
Battle Arena Toshinden 4
Miyabi
36.8%
Battle Arena Toshinden 4
Rook Castle
36.8%
Battle Arena Toshinden 4
Genma
36.8%
Battle Arena Toshinden 4
Puella Marionette
35.3%
Battle Arena Toshinden 2
Wolf
33.8%
Battle Arena Toshinden 2
Ripper
33.8%
Quiz Playlist
Details
Report
Send in Message
Add To Playlist
Classic:
Type in answers that appear in a list
Last Updated: Feb 16, 2017
Quiz Scoreboard
CHALLENGE
Sign Up to Join the Scoreboard
Show All
Scores
Hide
Comments
May contain spoilers
Recently Published
1-10 Letter E Words III
by El_Dandy
Language
2m
Street Fighter Characters
by Artimus82
Gaming
60s
College Basketball Coaching Resumes
by pancakes188
Sports
9m
More to Explore
Quiz From the Vault
Featured Blog Post
Where Did the Easter Bunny Come From?
hide this ad
You Might Also Like...
Tags
Board Games Quiz
War Quiz
arena
battle
Battle Arena
Character
Today's Top Quizzes in Gaming
Browse Gaming
hide this ad
Today's Top Quizzes in Board Games
Browse Board Games
Top Contributed Quizzes in Gaming
1
5-to-1: Consoles
2
7-to-1: Board Game Piece Blitz
3
5-to-1: Legend of Zelda
4
League of Legends Pro Players by Career/Team History
5
Destiny 2 exotic weapons by perk icons
6
Ultimate Genshin Impact Logic Puzzle (up to 4.3)
7
Quick Pick: Video Games Lost in Translation
8
Franchise by Action Figure
9
Who's on the WWE 2K24 Cover?
10
Genshin Impact Logic Puzzle Quiz
Explore More
Trending Topics
Crossword
Marvel
Disney
NBA
Kpop
Anime
Harry Potter
The Office
NFL
Soccer
Country
WWE
Pokémon
Puzzle
Song
hide this ad
More By:
starjumper
Quiz
Plays
Rating
Category
Featured
Created
James Bond Villians (Clickable)
3,432
3.88
Movies
Apr 6, 2012
Bruce Willis Movies ( Clickable)
1,702
3.58
Movies
Apr 6, 2012
Movie Villains (Clickable)
1,607
3.70
Movies
Apr 7, 2012
Big Brother U.S. Winners ( Clickable )
896
Television
Apr 7, 2012
Robert De Niro Movies (Clickable)
838
3.83
Movies
Apr 7, 2012
Go to Creator's Profile
Score Distribution
Quiz Creator Spotlight
starjumper
Follow
Send a Message
Quizzes Created
-
Created Quiz Play Count
-
More By This Creator
Popular Quizzes Today
1
Find the US States - No Outlines Minefield
2
Find the Countries of Europe - No Outlines Minefield
3
The Countries of the World
4
Find the US States
5
Risky Map Clicking: Biggest States A-Z
6
US States
7
Popular People in 1961
8
Movies - When Are They Set?
More Gaming Quizzes
Five Letter Gaming A-Z
Published
Trending Quizzes
Risky Map Clicking: Least Populous States A-Z
1-10 Letter G Words
USA Borders Longest to Shortest
1-10 Letter F Words
Countries of the World: 200 Million BC
Recently Updated
Leaping Animals
pecheneg
Reality TV Shows (A-Z)
bhenderson79
Rickey Henderson's Hall of Fame Teammates
pecheneg
Champions League XIs: Arsenal
pecheneg
Quick Pick: Celebrities in WWE's Hall of Fame
aduchscher
A-Z Keypad Blitz II
pecheneg
Multiple Oscar Actors
pecheneg
Mystery Phrase Blitz: Oscar 'Best Actors'
pecheneg
F. Scott Fitzgerald Novels
LTH
Pick 3 Villains
ddd62291
Trending Topics
Kpop
Harry Potter
NBA
Disney
Crossword
Marvel
Anime
Song
WWE
Country
Soccer
NFL
The Office
Pokémon
Puzzle
Your Account Isn't Verified!
In order to create a playlist on Sporcle, you need to verify the email address you used during registration. Go to your
Sporcle Settings
to finish the process.
Report this User
Report this user for behavior that violates our
Community Guidelines
.
Details:
Send Report
Go to the Sporcle.com Mobile Site →
Comments